[Event "Guernsey Open 48th"]
[Site "Guernsey"]
[Date "2024.10.13"]
[Round "1"]
[White "Arkell, Keith C"]
[Black "Dijksterhuis, Rolf"]
[Result "1-0"]
[WhiteElo "2373"]
[BlackElo "1937"]
[PlyCount "59"]
[EventDate "2024.10.13"]
[EventType "swiss"]
[EventRounds "7"]
[EventCountry "GCI"]
[SourceTitle "BritBase"]
[Source "John Saunders"]
[SourceDate "2024.12.27"]
[SourceVersion "1"]
[SourceVersionDate "2024.12.27"]
[SourceQuality "1"]

1. d4 d5 2. Nf3 c5 3. c4 dxc4 4. d5 Nf6 5. Nc3 e6 6. e4 exd5 7. exd5 Bd6 8. Bxc4 O-O 9. O-O Bg4 10. Bg5 Nbd7 11. Ne4 Be5 12. h3 Bxf3 13. Qxf3 h6 14. Bh4 Qb6 15. Nxf6+ Bxf6 16. Bg3 Ne5 17. Qe2 Nxc4 18. Qxc4 Qb4 19. Rac1 Rac8 20. b3 Rfd8 21. Rfd1 Qa5 22. a4 a6 23. d6 Rd7 24. Rd5 b6 25. h4 Re8 26. Rdd1 Bd4 27. Qd5 b5 28. Qc6 Red8 29. Re1 Bf6 30. Qxc5 1-0

[Event "Guernsey Open 48th"]
[Site "Guernsey"]
[Date "2024.10.13"]
[Round "1"]
[White "Heppell, Ian N"]
[Black "Toma, Katarzyna"]
[Result "0-1"]
[WhiteElo "1930"]
[BlackElo "2165"]
[PlyCount "76"]
[EventDate "2024.10.13"]
[EventType "swiss"]
[EventRounds "7"]
[EventCountry "GCI"]
[SourceTitle "BritBase"]
[Source "John Saunders"]
[SourceDate "2024.12.27"]
[SourceVersion "1"]
[SourceVersionDate "2024.12.27"]
[SourceQuality "1"]

1. e4 c5 2. Nf3 Nc6 3. c3 Nf6 4. e5 Nd5 5. d4 cxd4 6. Bc4 Nb6 7. Bb3 g6 8. cxd4 Bg7 9. Bf4 d5 10. exd6 exd6 11. O-O O-O 12. h3 Bf5 13. Nc3 Na5 14. Bc2 Bxc2 15. Qxc2 Rc8 16. Rac1 Nc6 17. Rfd1 Qd7 18. Qb1 Rfe8 19. b4 Ne7 20. Qb3 Nc4 21. a4 Qf5 22. Bg3 d5 23. Nb5 a6 24. Nd6 Nxd6 25. Bxd6 Rxc1 26. Rxc1 Nc6 27. Bc5 Re2 28. Qc3 Bh6 29. Re1 Bd2 30. Qxd2 Rxd2 31. Nxd2 Qc2 32. Nf3 Qxa4 33. Re8+ Kg7 34. Bf8+ Kf6 35. g4 g5 36. Bh6 Kg6 37. Bxg5 f6 38. Be3 Nxd4 0-1

[Event "Guernsey Open 48th"]
[Site "Guernsey"]
[Date "2024.10.13"]
[Round "1"]
[White "Smith, Olivia"]
[Black "Canonne, Antoine"]
[Result "1-0"]
[WhiteElo "2106"]
[BlackElo "1910"]
[PlyCount "83"]
[EventDate "2024.10.13"]
[EventType "swiss"]
[EventRounds "7"]
[EventCountry "GCI"]
[SourceTitle "BritBase"]
[Source "John Saunders"]
[SourceDate "2024.12.27"]
[SourceVersion "1"]
[SourceVersionDate "2024.12.27"]
[SourceQuality "1"]

1. e4 c5 2. Nc3 e6 3. Nge2 d5 4. exd5 exd5 5. d4 c4 6. g3 Bb4 7. Bg2 Ne7 8. O-O O-O 9. a3 Ba5 10. Bg5 f6 11. Be3 Bxc3 12. Nxc3 Be6 13. Re1 Nbc6 14. Bf4 Bf7 15. Nb5 Qd7 16. Nd6 Ng6 17. Nxf7 Rxf7 18. Bd2 Rd8 19. Bc3 Qf5 20. a4 Re7 21. Qd2 Rde8 22. a5 Rxe1+ 23. Rxe1 Rxe1+ 24. Qxe1 Kf7 25. Qe2 b5 26. axb6 axb6 27. h4 Qd7 28. Qh5 Nce7 29. Bb4 Kg8 30. Qf3 Kf7 31. Kh2 b5 32. Qh5 Kg8 33. Bh3 f5 34. Qg5 h6 35. Qh5 Kh7 36. Qf3 Kg8 37. h5 Nf8 38. Bxe7 Qxe7 39. Qxf5 Qd6 40. Bg2 Qb4 41. c3 Qd6 42. Bxd5+ 1-0

[Event "Guernsey Open 48th"]
[Site "Guernsey"]
[Date "2024.10.13"]
[Round "1"]
[White "Giulian, Philip M"]
[Black "Hoogakker, Peter"]
[Result "1-0"]
[WhiteElo "2059"]
[BlackElo "1907"]
[PlyCount "59"]
[EventDate "2024.10.13"]
[EventType "swiss"]
[EventRounds "7"]
[EventCountry "GCI"]
[SourceTitle "BritBase"]
[Source "John Saunders"]
[SourceDate "2024.12.27"]
[SourceVersion "1"]
[SourceVersionDate "2024.12.27"]
[SourceQuality "1"]

1. c4 Nf6 2. d4 d6 3. Nf3 Nbd7 4. g3 e5 5. Bg2 c6 6. Nc3 e4 7. Nd2 d5 8. cxd5 cxd5 9. Qb3 Nb6 10. Nf1 Be7 11. Bf4 Be6 12. Nb5 Rc8 13. Nxa7 Rc4 14. a3 Bd7 15. Nb5 Qc8 16. Rd1 O-O 17. Ne3 Bxb5 18. Qxb5 Rc6 19. h4 Qd8 20. g4 Ne8 21. Nf5 Nd6 22. Nxe7+ Qxe7 23. Qb4 f5 24. gxf5 Rxf5 25. e3 Nbc8 26. Bh3 Rb6 27. Bxd6 Qxh4 28. Bg3 Qd8 29. Qa5 Rff6 30. Bh4 1-0

[Event "Guernsey Open 48th"]
[Site "Guernsey"]
[Date "2024.10.13"]
[Round "1"]
[White "Giulian, Rosemary A"]
[Black "Krueger, Norbert"]
[Result "0-1"]
[WhiteElo "1894"]
[BlackElo "2032"]
[PlyCount "56"]
[EventDate "2024.10.13"]
[EventType "swiss"]
[EventRounds "7"]
[EventCountry "GCI"]
[SourceTitle "BritBase"]
[Source "John Saunders"]
[SourceDate "2024.12.27"]
[SourceVersion "1"]
[SourceVersionDate "2024.12.27"]
[SourceQuality "1"]

1. e4 c5 2. c3 Nf6 3. e5 Nd5 4. Nf3 e6 5. d4 cxd4 6. cxd4 b6 7. Bc4 Ba6 8. Bxa6 Nxa6 9. O-O Be7 10. Nbd2 O-O 11. Ne4 d6 12. Neg5 h6 13. Qd3 hxg5 14. Qxa6 g4 15. Nd2 dxe5 16. dxe5 Qc7 17. Qe2 Rac8 18. Nb3 Qc4 19. Re1 Nb4 20. Bd2 Nd3 21. Rf1 Nxb2 22. Qe3 Nd3 23. Qg3 Qd5 24. Rfd1 Qe4 25. Be3 Rfd8 26. Bd2 Rc4 27. Nc1 Qxe5 28. Be3 Qxa1 0-1

[Event "Guernsey Open 48th"]
[Site "Guernsey"]
[Date "2024.10.13"]
[Round "1"]
[White "Dilleigh, Stephen P"]
[Black "Rowe, Peter"]
[Result "1-0"]
[WhiteElo "2029"]
[BlackElo "1887"]
[PlyCount "109"]
[EventDate "2024.10.13"]
[EventType "swiss"]
[EventRounds "7"]
[EventCountry "GCI"]
[SourceTitle "BritBase"]
[Source "John Saunders"]
[SourceDate "2024.12.27"]
[SourceVersion "1"]
[SourceVersionDate "2024.12.27"]
[SourceQuality "1"]

1. Nf3 d6 2. d4 Bg4 3. c4 Nd7 4. Nc3 Ngf6 5. g3 e5 6. Bg2 c6 7. O-O Be7 8. h3 Bxf3 9. Bxf3 O-O 10. e4 a5 11. Be3 Qc7 12. d5 cxd5 13. cxd5 Nc5 14. Rc1 b6 15. Kg2 Qd7 16. a4 Rab8 17. b3 Kh8 18. Qc2 Rbc8 19. Qb1 Rb8 20. Be2 Qd8 21. b4 axb4 22. Qxb4 Nfd7 23. Bb5 f5 24. exf5 Rxf5 25. Qg4 g6 26. Rb1 Nf6 27. Qe2 Nfd7 28. Bc6 Rf8 29. Rb4 Bg5 30. Rfb1 Bxe3 31. Qxe3 Na6 32. R4b2 Ndc5 33. h4 Kg7 34. Rh1 h6 35. Rhb1 Rf7 36. Bb5 Rfb7 37. Qe2 Re7 38. Bc6 Rf7 39. h5 g5 40. Qc2 Rf6 41. Bb5 Ra8 42. Bxa6 Rxa6 43. Ne4 Nxe4 44. Qxe4 Qe8 45. Rxb6 Rxb6 46. Rxb6 Qxh5 47. Rb7+ Kf8 48. Rb3 Kg7 49. Rf3 Rxf3 50. Qxf3 Qe8 51. Qa3 Qf8 52. a5 e4 53. a6 e3 54. Qxe3 Qa8 55. Qe7+ 1-0

[Event "Guernsey Open 48th"]
[Site "Guernsey"]
[Date "2024.10.13"]
[Round "1"]
[White "De Kruif, Kees"]
[Black "Curtis, John E"]
[Result "1/2-1/2"]
[WhiteElo "1868"]
[BlackElo "2021"]
[PlyCount "59"]
[EventDate "2024.10.13"]
[EventType "swiss"]
[EventRounds "7"]
[EventCountry "GCI"]
[SourceTitle "BritBase"]
[Source "John Saunders"]
[SourceDate "2024.12.27"]
[SourceVersion "1"]
[SourceVersionDate "2024.12.27"]
[SourceQuality "1"]

1. b4 e5 2. Bb2 Bxb4 3. Bxe5 Nf6 4. Nf3 O-O 5. e3 d5 6. c4 c5 7. cxd5 Nxd5 8. Be2 Nc6 9. Bb2 Bf5 10. O-O Qe7 11. d3 Rfd8 12. Qc2 Rac8 13. Nc3 Bxc3 14. Bxc3 Ncb4 15. Bxb4 Nxb4 16. Qa4 b6 17. d4 Bc2 18. Qb5 cxd4 19. a3 Nc6 20. exd4 Nxd4 21. Nxd4 Rxd4 22. Rfc1 Rc5 23. Qb2 Rd2 24. Bf3 Qd7 25. Re1 Be4 26. Rad1 Rcd5 27. Rxd2 Rxd2 28. Qe5 f5 29. Bxe4 fxe4 30. Qxe4 1/2-1/2

[Event "Guernsey Open 48th"]
[Site "Guernsey"]
[Date "2024.10.13"]
[Round "1"]
[White "Thurlow, Kevin J"]
[Black "Marceil, Jean"]
[Result "1/2-1/2"]
[WhiteElo "2002"]
[BlackElo "1862"]
[PlyCount "68"]
[EventDate "2024.10.13"]
[EventType "swiss"]
[EventRounds "7"]
[EventCountry "GCI"]
[SourceTitle "BritBase"]
[Source "John Saunders"]
[SourceDate "2024.12.27"]
[SourceVersion "1"]
[SourceVersionDate "2024.12.27"]
[SourceQuality "1"]

1. c4 e6 2. Nc3 d5 3. d4 Nf6 4. Nf3 Be7 5. Bf4 O-O 6. e3 a6 7. Rc1 dxc4 8. Bxc4 b5 9. Bd3 Bb7 10. O-O Nbd7 11. a3 c5 12. Ne5 cxd4 13. exd4 Nb6 14. Bb1 Rc8 15. Qd3 Nbd5 16. Nxd5 Qxd5 17. Nf3 Qh5 18. Ne5 Be4 19. Qd1 Qxd1 20. Rfxd1 Bxb1 21. Rxb1 Nd5 22. Be3 Rc2 23. Nf3 Rfc8 24. Kf1 Kf8 25. Ne1 R2c4 26. Ke2 h5 27. g3 Bd6 28. Nd3 Ke7 29. Rbc1 Rc2+ 30. Rxc2 Rxc2+ 31. Rd2 Rc4 32. Rd1 Rc2+ 33. Rd2 Rc4 34. Rd1 Rc2+ 1/2-1/2

[Event "Guernsey Open 48th"]
[Site "Guernsey"]
[Date "2024.10.13"]
[Round "1"]
[White "Waddington, Mike P"]
[Black "Downey, Keith"]
[Result "1-0"]
[WhiteElo "1988"]
[BlackElo "1829"]
[PlyCount "91"]
[EventDate "2024.10.13"]
[EventType "swiss"]
[EventRounds "7"]
[EventCountry "GCI"]
[SourceTitle "BritBase"]
[Source "John Saunders"]
[SourceDate "2024.12.27"]
[SourceVersion "1"]
[SourceVersionDate "2024.12.27"]
[SourceQuality "1"]

1. Nc3 d5 2. e4 d4 3. Nce2 g6 4. Ng3 Bg7 5. Bc4 c5 6. d3 Nc6 7. a4 Nf6 8. f4 O-O 9. Nf3 Ng4 10. O-O Ne3 11. Bxe3 dxe3 12. c3 Qc7 13. Ng5 e6 14. Qe2 b6 15. Qxe3 Bb7 16. Qe2 Rad8 17. Rf3 Na5 18. Ba2 Bc6 19. Bb1 Qd7 20. Bc2 Nb7 21. Rf2 Na5 22. Qg4 Qe7 23. Qh3 h6 24. Nf3 Bd7 25. e5 Bc6 26. Nd2 Nb7 27. Nge4 Kh7 28. Re1 Rd7 29. Re3 a6 30. g4 Rh8 31. g5 Kg8 32. Nf6+ Bxf6 33. gxf6 Qd8 34. Rg3 Kf8 35. Qf1 b5 36. axb5 axb5 37. Re2 Qa5 38. Nb3 Qb6 39. Qf2 Ke8 40. d4 cxd4 41. cxd4 Kd8 42. Nc5 Nxc5 43. dxc5 Qb7 44. Rd2 Bd5 45. Ra3 Kc8 46. c6 1-0

[Event "Guernsey Open 48th"]
[Site "Guernsey"]
[Date "2024.10.13"]
[Round "1"]
[White "Krueger, Malte"]
[Black "Collier, David O"]
[Result "1/2-1/2"]
[WhiteElo "1821"]
[BlackElo "1988"]
[PlyCount "85"]
[EventDate "2024.10.13"]
[EventType "swiss"]
[EventRounds "7"]
[EventCountry "GCI"]
[SourceTitle "BritBase"]
[Source "John Saunders"]
[SourceDate "2024.12.27"]
[SourceVersion "1"]
[SourceVersionDate "2024.12.27"]
[SourceQuality "1"]

1. e4 c5 2. c3 Nf6 3. e5 Nd5 4. d4 cxd4 5. cxd4 b6 6. Nf3 Bb7 7. Nc3 e6 8. a3 Nxc3 9. bxc3 Qc7 10. Bd2 Nc6 11. Bd3 h6 12. O-O Na5 13. Re1 Nc4 14. Bxc4 Qxc4 15. a4 Be7 16. Re3 Ba6 17. h3 Rc8 18. Nh2 Bb7 19. Rg3 g6 20. Nf3 Be4 21. Qc1 g5 22. Qd1 Bg6 23. Nh2 d6 24. Ng4 Qc7 25. Qe2 dxe5 26. Nxe5 Bd6 27. Qb5+ Kd8 28. Rd1 Bxe5 29. dxe5 Ke7 30. c4 Kf8 31. Bb4+ Kg7 32. Rc3 Rhd8 33. Rd6 Be4 34. c5 bxc5 35. Rxc5 Qb7 36. Qxb7 Bxb7 37. Rxc8 Rxc8 38. Rd7 Rc1+ 39. Kh2 Bc6 40. Rxa7 Rc4 41. Be7 Rxa4 42. Bf6+ Kg6 43. Rxa4 1/2-1/2

[Event "Guernsey Open 48th"]
[Site "Guernsey"]
[Date "2024.10.13"]
[Round "1"]
[White "Andrechak, Sean"]
[Black "Morgan, Jamie"]
[Result "1/2-1/2"]
[WhiteElo "1982"]
[BlackElo "1807"]
[PlyCount "55"]
[EventDate "2024.10.13"]
[EventType "swiss"]
[EventRounds "7"]
[EventCountry "GCI"]
[SourceTitle "BritBase"]
[Source "John Saunders"]
[SourceDate "2024.12.27"]
[SourceVersion "1"]
[SourceVersionDate "2024.12.27"]
[SourceQuality "1"]

1. e4 c5 2. d4 cxd4 3. c3 dxc3 4. Nxc3 d6 5. Nf3 Nc6 6. Bc4 e6 7. O-O Be7 8. Qe2 Nf6 9. Rd1 Qa5 10. Nb5 O-O 11. Bd2 Qb6 12. a4 d5 13. exd5 exd5 14. Be3 Qa5 15. Bxd5 Nxd5 16. Rxd5 Be6 17. Rdd1 Rfd8 18. Nfd4 Nxd4 19. Nxd4 Qe5 20. Nxe6 Qxe6 21. Qb5 Qg4 22. Rxd8+ Rxd8 23. Bxa7 Rd1+ 24. Rxd1 Qxd1+ 25. Qf1 Qxa4 26. Be3 Bf6 27. Qc1 Qd7 28. g3 1/2-1/2

[Event "Guernsey Open 48th"]
[Site "Guernsey"]
[Date "2024.10.13"]
[Round "1"]
[White "Rowe, Oliver"]
[Black "Wager, John D"]
[Result "0-1"]
[WhiteElo "1721"]
[BlackElo "1980"]
[PlyCount "62"]
[EventDate "2024.10.13"]
[EventType "swiss"]
[EventRounds "7"]
[EventCountry "GCI"]
[SourceTitle "BritBase"]
[Source "John Saunders"]
[SourceDate "2024.12.27"]
[SourceVersion "1"]
[SourceVersionDate "2024.12.27"]
[SourceQuality "1"]

1. d4 Nf6 2. Bf4 g6 3. e3 Bg7 4. Nf3 d6 5. Be2 Nbd7 6. O-O c5 7. c3 O-O 8. h3 b6 9. Nbd2 Bb7 10. Bh2 Qc7 11. Ne1 Rac8 12. f4 Ne4 13. Nxe4 Bxe4 14. Bf3 Nf6 15. Bxe4 Nxe4 16. f5 Qd7 17. fxg6 hxg6 18. Nf3 Qb5 19. Nd2 Nf6 20. Qb3 Qd3 21. Rf2 Qxe3 22. Bf4 Qd3 23. Re1 Rfe8 24. Rf3 Qa6 25. Bxd6 exd6 26. Ne4 c4 27. Nxf6+ Bxf6 28. Qd1 Bg7 29. Ref1 Rc7 30. R1f2 Rce7 31. Kh2 Qc8 0-1

[Event "Guernsey Open 48th"]
[Site "Guernsey"]
[Date "2024.10.13"]
[Round "1"]
[White "Hamperl, Fred A"]
[Black "Warner, Nicholas"]
[Result "1-0"]
[WhiteElo "1970"]
[BlackElo "1796"]
[PlyCount "43"]
[EventDate "2024.10.13"]
[EventType "swiss"]
[EventRounds "7"]
[EventCountry "GCI"]
[SourceTitle "BritBase"]
[Source "John Saunders"]
[SourceDate "2024.12.27"]
[SourceVersion "1"]
[SourceVersionDate "2024.12.27"]
[SourceQuality "1"]

1. e4 c6 2. Nc3 d5 3. Nf3 Bg4 4. h3 Bh5 5. exd5 cxd5 6. g4 Bg6 7. Bb5+ Nc6 8. Ne5 Qd6 9. d4 O-O-O 10. Bf4 Nxe5 11. Bxe5 Qb6 12. a4 f6 13. Bf4 e5 14. dxe5 d4 15. Ne2 Bb4+ 16. Kf1 Be4 17. Rg1 fxe5 18. Bxe5 Qh6 19. Rg3 Nf6 20. Nxd4 Nd5 21. Qe2 Qg6 22. Qc4+ 1-0

[Event "Guernsey Open 48th"]
[Site "Guernsey"]
[Date "2024.10.13"]
[Round "1"]
[White "Kirby, Peter J"]
[Black "Strade, Arita"]
[Result "1/2-1/2"]
[WhiteElo "1998"]
[BlackElo "1949"]
[PlyCount "96"]
[EventDate "2024.10.13"]
[EventType "swiss"]
[EventRounds "7"]
[EventCountry "GCI"]
[SourceTitle "BritBase"]
[Source "John Saunders"]
[SourceDate "2024.12.27"]
[SourceVersion "1"]
[SourceVersionDate "2024.12.27"]
[SourceQuality "1"]

1. c4 Nf6 2. Nc3 g6 3. e4 d6 4. d4 Bg7 5. Be2 O-O 6. Bg5 h6 7. Be3 Nbd7 8. Qd2 Kh7 9. f3 c5 10. d5 Ne8 11. Nh3 Ne5 12. Nf2 f5 13. O-O Nf7 14. Bd3 Ne5 15. Be2 Bd7 16. f4 Nf7 17. Nd3 Bxc3 18. Qxc3 fxe4 19. Nf2 Nf6 20. Rfd1 Qc8 21. a4 a5 22. Qc2 Bf5 23. Qc3 h5 24. Qe1 Nh6 25. Rac1 Nhg4 26. Bxg4 Bxg4 27. Rd2 Kg7 28. Rdc2 Bf5 29. Re2 h4 30. Bd2 h3 31. g3 Bg4 32. Re3 Bf3 33. Bc3 Kf7 34. Bxf6 exf6 35. Nxe4 Bxe4 36. Rxe4 Re8 37. Rxe8 Qxe8 38. Qxe8+ Rxe8 39. Kf2 Re4 40. Kf3 Rd4 41. Ke3 f5 42. b3 Kf6 43. Rg1 g5 44. Rf1 g4 45. Ra1 Re4+ 46. Kd3 Ke7 47. Kd2 Kd7 48. Re1 Rxe1 1/2-1/2

[Event "Guernsey Open 48th"]
[Site "Guernsey"]
[Date "2024.10.14"]
[Round "2"]
[White "Krueger, Norbert"]
[Black "Arkell, Keith C"]
[Result "0-1"]
[WhiteElo "2032"]
[BlackElo "2373"]
[PlyCount "54"]
[EventDate "2024.10.13"]
[EventType "swiss"]
[EventRounds "7"]
[EventCountry "GCI"]
[SourceTitle "BritBase"]
[Source "John Saunders"]
[SourceDate "2024.12.27"]
[SourceVersion "1"]
[SourceVersionDate "2024.12.27"]
[SourceQuality "1"]

1. e4 c6 2. d4 d5 3. f3 e6 4. Nc3 Bb4 5. Bd2 Ne7 6. a3 Ba5 7. Bd3 dxe4 8. fxe4 Qxd4 9. Nf3 Qd8 10. O-O Nd7 11. Qe2 Ng6 12. Ng5 Nde5 13. Rad1 h6 14. Nxf7 Nxf7 15. Qh5 Nge5 16. Bf4 g6 17. Qh3 Qe7 18. Be2 Bd7 19. b4 Bc7 20. Be3 Bb6 21. Na4 Bxe3+ 22. Qxe3 b6 23. Nb2 O-O 24. Nd3 Nxd3 25. Qxd3 Ne5 26. Qh3 Rxf1+ 27. Rxf1 Kh7 0-1

[Event "Guernsey Open 48th"]
[Site "Guernsey"]
[Date "2024.10.14"]
[Round "2"]
[White "Toma, Katarzyna"]
[Black "Dilleigh, Stephen P"]
[Result "1/2-1/2"]
[WhiteElo "2165"]
[BlackElo "2029"]
[PlyCount "58"]
[EventDate "2024.10.13"]
[EventType "swiss"]
[EventRounds "7"]
[EventCountry "GCI"]
[SourceTitle "BritBase"]
[Source "John Saunders"]
[SourceDate "2024.12.27"]
[SourceVersion "1"]
[SourceVersionDate "2024.12.27"]
[SourceQuality "1"]

1. e4 e6 2. d4 d5 3. Nc3 Nf6 4. e5 Nfd7 5. Nce2 c5 6. c3 cxd4 7. cxd4 f6 8. Nf3 fxe5 9. dxe5 Nc6 10. Nf4 Bb4+ 11. Bd2 Bxd2+ 12. Qxd2 Ndxe5 13. Nxe5 Nxe5 14. Qc3 Qd6 15. Bb5+ Bd7 16. Bxd7+ Kxd7 17. O-O Rac8 18. Qb3 Rc7 19. Rfe1 Rf8 20. Qa4+ Rc6 21. Nxe6 Qxe6 22. f4 Nf3+ 23. gxf3 Qg6+ 24. Kh1 Qd3 25. Qd1 Qxd1 26. Raxd1 Rxf4 27. Rxd5+ Rd6 28. Rxd6+ Kxd6 29. Kg2 Rd4 1/2-1/2

[Event "Guernsey Open 48th"]
[Site "Guernsey"]
[Date "2024.10.14"]
[Round "2"]
[White "Wager, John D"]
[Black "Smith, Olivia"]
[Result "0-1"]
[WhiteElo "1980"]
[BlackElo "2106"]
[PlyCount "60"]
[EventDate "2024.10.13"]
[EventType "swiss"]
[EventRounds "7"]
[EventCountry "GCI"]
[SourceTitle "BritBase"]
[Source "John Saunders"]
[SourceDate "2024.12.27"]
[SourceVersion "1"]
[SourceVersionDate "2024.12.27"]
[SourceQuality "1"]

1. Nf3 d5 2. d4 Nf6 3. b3 c5 4. e3 Nc6 5. Bb2 cxd4 6. Nxd4 e6 7. Be2 Bd6 8. O-O a6 9. Nd2 e5 10. Nxc6 bxc6 11. c4 O-O 12. Qc2 Qe7 13. e4 d4 14. Rac1 c5 15. Rfe1 Bc7 16. Nf1 h5 17. Rb1 h4 18. h3 Ba5 19. Red1 Bb7 20. Bf3 Nh7 21. Bc1 f5 22. a3 Rad8 23. b4 cxb4 24. axb4 Bxb4 25. c5 fxe4 26. c6 exf3 27. cxb7 a5 28. Bd2 fxg2 29. Bxb4 gxf1=Q+ 30. Kxf1 axb4 0-1

[Event "Guernsey Open 48th"]
[Site "Guernsey"]
[Date "2024.10.14"]
[Round "2"]
[White "Johnsen, Gunnar"]
[Black "Waddington, Mike P"]
[Result "1-0"]
[WhiteElo "2071"]
[BlackElo "1988"]
[PlyCount "79"]
[EventDate "2024.10.13"]
[EventType "swiss"]
[EventRounds "7"]
[EventCountry "GCI"]
[SourceTitle "BritBase"]
[Source "John Saunders"]
[SourceDate "2024.12.27"]
[SourceVersion "1"]
[SourceVersionDate "2024.12.27"]
[SourceQuality "1"]

1. d4 f5 2. g3 Nf6 3. Bg2 g6 4. Nf3 Bg7 5. O-O O-O 6. b3 d6 7. Bb2 c6 8. c4 e5 9. dxe5 Ng4 10. Qc1 Nxe5 11. Nc3 Na6 12. Rd1 Qe7 13. Ba3 Nf7 14. Qc2 Nc5 15. Bb2 a5 16. e3 Bd7 17. Nd4 Rfe8 18. a3 Ne5 19. b4 Ne6 20. Na4 axb4 21. axb4 Qd8 22. b5 Qc7 23. bxc6 bxc6 24. c5 d5 25. Nb6 Rxa1 26. Bxa1 Ng4 27. Nxe6 Bxe6 28. Bd4 Bxd4 29. Rxd4 Qg7 30. Qa4 Qh6 31. h3 Ne5 32. Nxd5 Rb8 33. Rb4 Rd8 34. Ne7+ Kf8 35. Nxc6 Bd7 36. Qa5 Nxc6 37. Bxc6 Qg5 38. Rd4 Qe7 39. Qc7 Ke8 40. Rxd7 1-0

[Event "Guernsey Open 48th"]
[Site "Guernsey"]
[Date "2024.10.14"]
[Round "2"]
[White "Agustsson, Hafsteinn"]
[Black "Giulian, Philip M"]
[Result "1/2-1/2"]
[WhiteElo "1763"]
[BlackElo "2059"]
[PlyCount "32"]
[EventDate "2024.10.13"]
[EventType "swiss"]
[EventRounds "7"]
[EventCountry "GCI"]
[SourceTitle "BritBase"]
[Source "John Saunders"]
[SourceDate "2024.12.27"]
[SourceVersion "1"]
[SourceVersionDate "2024.12.27"]
[SourceQuality "1"]

1. e4 e6 2. d4 d5 3. Nc3 Nf6 4. Bg5 dxe4 5. Nxe4 Be7 6. Nxf6+ Bxf6 7. Bxf6 Qxf6 8. Nf3 Nd7 9. Be2 O-O 10. O-O Rd8 11. c3 b6 12. Qd2 Bb7 13. Qg5 Qxg5 14. Nxg5 Nf6 15. Bf3 Bd5 16. Rfe1 a5 1/2-1/2

[Event "Guernsey Open 48th"]
[Site "Guernsey"]
[Date "2024.10.14"]
[Round "2"]
[White "Curtis, John E"]
[Black "Hamperl, Fred A"]
[Result "1/2-1/2"]
[WhiteElo "2021"]
[BlackElo "1970"]
[PlyCount "54"]
[EventDate "2024.10.13"]
[EventType "swiss"]
[EventRounds "7"]
[EventCountry "GCI"]
[SourceTitle "BritBase"]
[Source "John Saunders"]
[SourceDate "2024.12.27"]
[SourceVersion "1"]
[SourceVersionDate "2024.12.27"]
[SourceQuality "1"]

1. d4 Nf6 2. Nf3 d5 3. e3 c5 4. c3 e6 5. Nbd2 Nbd7 6. Bd3 b6 7. Ne5 Bb7 8. Qe2 Be7 9. O-O O-O 10. Nxd7 Qxd7 11. dxc5 Bxc5 12. e4 dxe4 13. Nxe4 Nxe4 14. Bxe4 Bxe4 15. Qxe4 Rad8 16. Qg4 e5 17. Qxd7 Rxd7 18. Re1 a5 19. Kf1 f6 20. Be3 Bxe3 21. Rxe3 Kf7 22. c4 Rc8 23. b3 Rcd8 24. Rc1 Rd1+ 25. Rxd1 Rxd1+ 26. Re1 Rd2 27. Re2 Rd1+ 1/2-1/2

[Event "Guernsey Open 48th"]
[Site "Guernsey"]
[Date "2024.10.14"]
[Round "2"]
[White "Matthews, Gabriel"]
[Black "Thurlow, Kevin J"]
[Result "0-1"]
[WhiteElo "1910"]
[BlackElo "2002"]
[PlyCount "56"]
[EventDate "2024.10.13"]
[EventType "swiss"]
[EventRounds "7"]
[EventCountry "GCI"]
[SourceTitle "BritBase"]
[Source "John Saunders"]
[SourceDate "2024.12.27"]
[SourceVersion "1"]
[SourceVersionDate "2024.12.27"]
[SourceQuality "1"]

1. d4 Nf6 2. Nf3 e6 3. e3 c5 4. Bd3 d5 5. b3 Nc6 6. Bb2 a6 7. c4 cxd4 8. exd4 Be7 9. Nbd2 Bd7 10. Rc1 Rc8 11. Qe2 Nb4 12. Bb1 dxc4 13. bxc4 Qa5 14. a3 Nc6 15. Qd3 Qh5 16. O-O b5 17. Rfe1 O-O 18. Ne5 Nxe5 19. dxe5 bxc4 20. Nxc4 Nd5 21. Ne3 Bb5 22. Qe4 Rxc1 23. Rxc1 Bg5 24. Bd4 Nf4 25. Kh1 Ne2 26. Re1 Bh4 27. a4 Bxf2 28. axb5 Ng3# 0-1

[Event "Guernsey Open 48th"]
[Site "Guernsey"]
[Date "2024.10.14"]
[Round "2"]
[White "Marceil, Jean"]
[Black "Kirby, Peter J"]
[Result "0-1"]
[WhiteElo "1862"]
[BlackElo "1998"]
[PlyCount "106"]
[EventDate "2024.10.13"]
[EventType "swiss"]
[EventRounds "7"]
[EventCountry "GCI"]
[SourceTitle "BritBase"]
[Source "John Saunders"]
[SourceDate "2024.12.27"]
[SourceVersion "1"]
[SourceVersionDate "2024.12.27"]
[SourceQuality "1"]

1. d4 Nf6 2. c4 g6 3. Nc3 Bg7 4. e4 d6 5. f4 O-O 6. Nf3 c5 7. d5 Bg4 8. h3 Bxf3 9. Qxf3 Nbd7 10. Be2 e6 11. O-O exd5 12. cxd5 a6 13. a4 b6 14. g4 Qc7 15. g5 Ne8 16. Qd3 Bd4+ 17. Be3 Bxe3+ 18. Qxe3 Ng7 19. f5 Ne5 20. f6 Ne8 21. Rf4 c4 22. Raf1 Qc5 23. Qxc5 bxc5 24. a5 Rb8 25. Rb1 Rb4 26. b3 cxb3 27. Bxa6 Nc7 28. Be2 Ra8 29. a6 c4 30. Rb2 Nb5 31. Nxb5 Rxb5 32. Rf1 Rxa6 33. Rc1 Rc5 34. Rc3 h5 35. Bxc4 Nxc4 36. Rbxb3 Rb6 37. Rxb6 Nxb6 38. Rb3 Nd7 39. Rb7 Ne5 40. Rb8+ Kh7 41. Kf2 Rc3 42. Rd8 Rf3+ 43. Kg2 Re3 44. Rxd6 Rxe4 45. Rd8 Rd4 46. Rd6 h4 47. Rd8 Rd2+ 48. Kf1 Nf3 49. d6 Nxg5 50. d7 Ne6 51. Re8 Rxd7 52. Re7 Rxe7 53. fxe7 Nc7 0-1

[Event "Guernsey Open 48th"]
[Site "Guernsey"]
[Date "2024.10.14"]
[Round "2"]
[White "Collier, David O"]
[Black "De Kruif, Kees"]
[Result "1/2-1/2"]
[WhiteElo "1988"]
[BlackElo "1868"]
[PlyCount "41"]
[EventDate "2024.10.13"]
[EventType "swiss"]
[EventRounds "7"]
[EventCountry "GCI"]
[SourceTitle "BritBase"]
[Source "John Saunders"]
[SourceDate "2024.12.27"]
[SourceVersion "1"]
[SourceVersionDate "2024.12.27"]
[SourceQuality "1"]

1. d4 f5 2. Nc3 Nf6 3. Bg5 d5 4. e3 g6 5. Bxf6 exf6 6. g3 Be6 7. Bg2 c6 8. Nge2 Nd7 9. Nf4 Bf7 10. h4 Bh6 11. Nce2 Nf8 12. Qd2 Ne6 13. Nxe6 Bxe6 14. Nf4 Bf7 15. O-O-O Qd7 16. Kb1 O-O-O 17. Bh3 Bxf4 18. gxf4 Kb8 19. Qd3 Qc7 20. Qc3 Rhg8 21. Rdg1 1/2-1/2